|
|
|
|
| LEADER |
009550000a22002530004500 |
| 040 |
|
|
|a HINDI
|
| 082 |
|
|
|a 891.432 009 P5
|
| 100 |
|
|
|a Narayana Kurup, K V; Researcher
|
| 100 |
|
|
|a Rajan, C S; Guide
|
| 245 |
|
|
|a Sattothar naatakom mem vidrohi chethana: ek vishleshanaathmak adhyayan
|
| 250 |
|
|
|a Ph.D
|
| 260 |
|
|
|a Kottayam, Mahatma Gandhi University
|
| 260 |
|
|
|c 2005
|
| 460 |
|
|
|a 399p
|
| 500 |
|
|
|a Awarded on 2.12.2005
|
| 500 |
|
|
|a Includes bibliographical references
|
| 500 |
|
|
|a K V Narayana Kurup; Guided by Dr C S Rajan
|
| 500 |
|
|
|a P G & Research Department of Hindi, N S S Hindu college Changanacherry, Kerala
|e IN
|
| 650 |
|
|
|a Criticism and interpretation
|
| 650 |
|
|
|a Dissertations, Academic (Ph.D)
|
| 650 |
|
|
|a Hindi drama
|
| 650 |
|
|
|a Thesis (Ph.D)-Hindi literature
|
| 999 |
|
|
|c 37058
|d 37058
|
| 952 |
|
|
|0 0
|1 0
|4 0
|6 891_432000000000000_009_P5
|7 0
|8 THES
|9 37524
|a MGUL
|b MGUL
|d 2013-07-16
|l 0
|o 891.432 009 P5
|p T01375
|r 2013-07-16
|w 2013-07-16
|y THES
|